|
|
|
|
| LEADER |
01445nam a22003137a 4500 |
| 001 |
44332 |
| 003 |
BD-DhAAL |
| 005 |
20250428151911.0 |
| 008 |
250422t2020 bg a|||| b||| 00| 0 eng d |
| 040 |
|
|
|a BD-DhAAL
|d BD-DhAAL
|
| 041 |
|
|
|a eng
|a ben
|
| 082 |
|
|
|a 362.1962414
|2 23
|
| 245 |
|
|
|a Lives during the pandemic in informal urban settlements /
|c BRAC School of public health, BRAC and ARISE.
|
| 260 |
|
|
|a Dhaka :
|b BRAC,
|c 2020.
|
| 300 |
|
|
|a 1080 pages :
|b illustrations ;
|c 22 cm.
|
| 504 |
|
|
|a Includes bibliographical references.
|
| 541 |
|
|
|a Donated by Professor Syed Mahfuzul Aziz (Former Pro Vice-Chancellor of BRAC University)
|e 44332
|
| 650 |
|
|
|a COVID-19 Pandemic, 2020
|x Social aspects.
|9 58089
|
| 650 |
|
|
|a COVID-19 Pandemic, 2020-2023
|z Bangladesh.
|9 58090
|
| 650 |
|
|
|a COVID-19 Pandemic, 2020-2023
|x Economic aspects
|z Bangladesh.
|9 58091
|
| 650 |
|
|
|a COVID-19 (Disease).
|
| 650 |
|
|
|a Disaster relief.
|
| 710 |
|
|
|a BRAC School of public health
|9 58092
|
| 710 |
|
|
|a BRAC
|
| 710 |
|
|
|a ARISE.
|9 58093
|
| 852 |
|
|
|a Ayesha Abed Library
|c General Stacks
|
| 942 |
|
|
|2 ddc
|c BK
|
| 999 |
|
|
|c 47274
|d 47274
|
| 952 |
|
|
|0 0
|1 0
|2 ddc
|4 0
|6 362_196241400000000_LIV
|7 0
|9 77606
|a BRACUL
|b BRACUL
|c GEN
|d 2025-04-22
|e Donated by Professor Syed Mahfuzul Aziz (Former Pro Vice-Chancellor of BRAC University)
|l 0
|o 362.1962414 LIV
|p 3010044332
|r 2025-04-22
|t 1
|w 2025-04-22
|y BK
|x Donated by Professor Syed Mahfuzul Aziz (Former Pro Vice-Chancellor of BRAC University)
|